Guide to civil employment for ex-soldiers ... (Record no. 92295)

MARC details
000 -LEADER
fixed length control field 00935cam a22002651 4500
001 - CONTROL NUMBER
control field war16000177
003 - CONTROL NUMBER IDENTIFIER
control field DLC
005 - DATE AND TIME OF LATEST TRANSACTION
control field 20260227112811.0
008 - FIXED-LENGTH DATA ELEMENTS--GENERAL INFORMATION
fixed length control field 800416s1916 dcu f000 0 eng c
010 ## - LIBRARY OF CONGRESS CONTROL NUMBER
LC control number war16000177
035 ## - SYSTEM CONTROL NUMBER
System control number (OCoLC)6207721
040 ## - CATALOGING SOURCE
Original cataloging agency U.S.Army war coll. Libr.
Transcribing agency OCl
Modifying agency DLC
042 ## - AUTHENTICATION CODE
Authentication code premarc
043 ## - GEOGRAPHIC AREA CODE
Geographic area code n-us---
050 00 - LIBRARY OF CONGRESS CALL NUMBER
Classification number UB357
Item number .A5 1916
110 1# - MAIN ENTRY--CORPORATE NAME
Corporate name or jurisdiction name as entry element United States.
Subordinate unit Adjutant-General's Office.
245 10 - TITLE STATEMENT
Title Guide to civil employment for ex-soldiers ...
Statement of responsibility, etc. War Department, the Adjutant General's Office.
260 ## - PUBLICATION, DISTRIBUTION, ETC.
Place of publication, distribution, etc. Washington,
Name of publisher, distributor, etc. Govt. Print. Off.,
Date of publication, distribution, etc. 1916.
300 ## - PHYSICAL DESCRIPTION
Extent 124 p.
Dimensions 20 cm.
650 #0 - SUBJECT ADDED ENTRY--TOPICAL TERM
Topical term or geographic name entry element Veterans
General subdivision Employment
Geographic subdivision United States.
650 #0 - SUBJECT ADDED ENTRY--TOPICAL TERM
Topical term or geographic name entry element Veterans
General subdivision Employment
Geographic subdivision United States
General subdivision Law and legislation.
650 #0 - SUBJECT ADDED ENTRY--TOPICAL TERM
Topical term or geographic name entry element World War, 1914-1918
General subdivision Veterans
Geographic subdivision United States.
650 #0 - SUBJECT ADDED ENTRY--TOPICAL TERM
Topical term or geographic name entry element World War, 1914-1918
General subdivision Veterans
Geographic subdivision United States
General subdivision Employment.
650 #0 - SUBJECT ADDED ENTRY--TOPICAL TERM
Topical term or geographic name entry element Civil service
Geographic subdivision United States.

No items available.

Powered by Koha